000 00272nam a22001217a 4500
041 _aENG
100 _aGomey.K.
245 _aStatistal procedch For Agricul Research
260 _aDelhi
_bWiley -Inters Cience
_c1984
300 _a680
650 _aMaths
856 _uMaths
999 _c2657
_d2657